[Event "Rated Blitz game"]
[Site "?"]
[Date "2021.05.10"]
[Round "?"]
[White "fandi88"]
[Black "artsportscience"]
[Result "1-0"]
[WhiteElo "2246"]
[BlackElo "2402"]
[PlyCount "75"]
[EventDate "2021.??.??"]
[EventType "blitz"]

1. e4 e5 2. Nf3 d5 3. Nc3 dxe4 4. Nxe4 f5 5. Ng3 e4 6. Ng1 Nf6 7. N1e2 Be6 8.
d3 Bd6 9. dxe4 fxe4 10. Bg5 O-O 11. Qd4 Nc6 12. Qa4 Bxg3 13. Nxg3 Qd5 14. Bxf6
Rxf6 15. Rd1 Qe5 16. Bc4 Qxb2 17. Bxe6+ Rxe6 18. O-O Rae8 19. Rd7 Qe5 20. Qc4
Kh8 21. Re1 Qf4 22. Nh5 Ne5 23. Qc3 Qg5 24. Nxg7 Rg6 25. g3 Rxg7 26. Rxg7 Qxg7
27. Rxe4 Nf3+ 28. Qxf3 Rf8 29. Qe2 Qf6 30. Re6 Qa1+ 31. Kg2 Qxa2 32. Qe5+ Kg8
33. Re7 Rf7 34. Re8+ Rf8 35. Qg5+ Kf7 36. Qe7+ Kg6 37. Qxf8 Qd5+ 38. Qf3 {
Normal} 1-0

[Event "Rated Blitz game"]
[Site "?"]
[Date "2021.05.10"]
[Round "?"]
[White "alexandr_gorokhov"]
[Black "Jomajo"]
[Result "0-1"]
[WhiteElo "2547"]
[BlackElo "2682"]
[PlyCount "74"]
[EventDate "2021.??.??"]
[EventType "blitz"]

1. e4 e5 2. Nf3 d5 3. Nxe5 Bd6 4. d4 dxe4 5. Bf4 Ne7 6. Bc4 O-O 7. Qh5 Bxe5 8.
Bxe5 Nbc6 9. O-O Nxe5 10. dxe5 Qd4 11. Bb3 Ng6 12. e6 Bxe6 13. Bxe6 fxe6 14.
Nc3 e3 15. fxe3 Qxe3+ 16. Kh1 Rxf1+ 17. Rxf1 Rf8 18. Rxf8+ Nxf8 19. h3 c6 20.
Qd1 h6 21. Ne2 Qe5 22. c3 Qd5 23. Qa4 Ng6 24. Qxa7 Qb5 25. Nd4 Qxb2 26. Nxe6
Qxc3 27. Qb8+ Kh7 28. Qd6 Qa1+ 29. Kh2 Qxa2 30. Qd7 Qb2 31. Nd8 Qe5+ 32. Kh1 c5
33. Qxb7 c4 34. Qc8 Qe1+ 35. Kh2 Qe5+ 36. Kh1 Qd5 37. Ne6 c3 {Time forfeit} 0-1

[Event "Rated Blitz game"]
[Site "?"]
[Date "2021.05.10"]
[Round "?"]
[White "sstrb"]
[Black "Jomajo"]
[Result "0-1"]
[WhiteElo "2567"]
[BlackElo "2697"]
[PlyCount "66"]
[EventDate "2021.??.??"]
[EventType "blitz"]

1. e4 e5 2. Nf3 d5 3. Nxe5 Bd6 4. d4 dxe4 5. Nc4 Nc6 6. Nxd6+ Qxd6 7. c3 Nf6 8.
Nd2 O-O 9. Nc4 Qe6 10. Be2 Nd5 11. a4 f5 12. Ne3 Kh8 13. Bc4 Nxe3 14. Bxe6 Nxd1
15. Bxc8 Nxf2 16. Bxb7 Nxh1 17. Bxc6 Rab8 18. b4 f4 19. Kf1 e3 20. b5 Nf2 21.
Ba3 Rf6 22. Ke2 h5 23. h3 g5 24. Be7 Rg6 25. Bc5 a5 26. bxa6 Rxc6 27. a7 Ra8
28. Rb1 Re6 29. Rb7 Ne4 30. Bb4 Ng3+ 31. Ke1 g4 32. hxg4 hxg4 33. d5 f3 {Normal
} 0-1

[Event "Rated Blitz game"]
[Site "?"]
[Date "2021.05.10"]
[Round "?"]
[White "matador1104"]
[Black "annaly1979"]
[Result "0-1"]
[WhiteElo "2470"]
[BlackElo "2425"]
[PlyCount "56"]
[EventDate "2021.??.??"]
[EventType "blitz"]

1. e4 e5 2. Nf3 d5 3. exd5 e4 4. Nd4 c5 5. Nb3 f5 6. c4 Nf6 7. Nc3 Bd6 8. d3
O-O 9. dxe4 Nxe4 10. Nxe4 fxe4 11. Be3 b6 12. Qc2 a5 13. Nd2 Bf5 14. O-O-O Nd7
15. Be2 Ne5 16. Kb1 Nd3 17. g4 Bg6 18. h4 Nb4 19. Qc3 Qe7 20. a3 Be5 21. Qb3 a4
22. Bxc5 bxc5 23. Qh3 Rxf2 24. h5 Rxe2 25. hxg6 h6 26. axb4 cxb4 27. Qf1 Re3
28. Qf3 Rxf3 {Normal} 0-1

[Event "Rated Blitz game"]
[Site "?"]
[Date "2021.05.10"]
[Round "?"]
[White "Denizatesi"]
[Black "DonCroccante"]
[Result "1-0"]
[WhiteElo "2453"]
[BlackElo "2374"]
[PlyCount "95"]
[EventDate "2021.??.??"]
[EventType "blitz"]

1. e4 e5 2. Nf3 d5 3. Nxe5 Bd6 4. d4 dxe4 5. Bc4 Bxe5 6. Qh5 Qe7 7. Qxe5 Qxe5
8. dxe5 Nc6 9. Nc3 Nxe5 10. Bb3 Ng6 11. Nxe4 Bf5 12. Ng3 Bd7 13. O-O N8e7 14.
Re1 O-O 15. Bg5 Nf5 16. Rad1 Bc8 17. Ne4 h6 18. Bd8 Be6 19. Bxc7 Bxb3 20. cxb3
Rac8 21. Rd7 Rfe8 22. f3 Nf8 23. Rd5 Rxc7 24. Rxf5 Rc2 25. Nf6+ gxf6 26. Rxe8
Kg7 27. Re7 Rxb2 28. Rxb7 Rxa2 29. Rd5 Ng6 30. Rdd7 Nf4 31. g3 Nh3+ 32. Kf1
Rf2+ 33. Ke1 Rxf3 34. Rxf7+ Kg6 35. Rxa7 Rxb3 36. g4 Kg5 37. Rg7+ Kh4 38. Ra4
Rb1+ 39. Kd2 Rb2+ 40. Kc3 Rxh2 41. g5+ Kh5 42. gxf6 Ng5 43. Rf4 Rf2 44. Rxf2
Ne4+ 45. Kb4 Nxf2 46. f7 Nd3+ 47. Kc3 Ne5 48. f8=Q {Time forfeit} 1-0

[Event "Rated Blitz game"]
[Site "?"]
[Date "2021.05.10"]
[Round "?"]
[White "GrandeGila"]
[Black "liaqat321"]
[Result "1-0"]
[WhiteElo "2449"]
[BlackElo "2386"]
[PlyCount "83"]
[EventDate "2021.??.??"]
[EventType "blitz"]

1. e4 e5 2. Nf3 d5 3. exd5 e4 4. Qe2 Nf6 5. d3 Bb4+ 6. c3 O-O 7. dxe4 Be7 8.
Qc2 c6 9. c4 cxd5 10. cxd5 Bg4 11. Be3 Nbd7 12. Nc3 a6 13. e5 Ne8 14. d6 Bh4
15. Qe4 Bxf3 16. gxf3 Bg5 17. f4 Bh6 18. Rg1 Rc8 19. Bd3 g6 20. f5 Bg7 21. f6
Bh8 22. O-O-O b5 23. Kb1 Ndxf6 24. exf6 Nxf6 25. Qf4 b4 26. Ne4 Nd5 27. Qg5
Nxe3 28. Qxe3 Bg7 29. Bxa6 Ra8 30. Bb7 Ra5 31. Rd5 f5 32. Nd2 Qf6 33. Nc4 Ra7
34. Rb5 Ra4 35. Bd5+ Kh8 36. Qe6 Qd4 37. Qe3 Qf6 38. Re1 Ra6 39. d7 Rd6 40. Qe7
Qxe7 41. Rxe7 Rdf6 42. Re8 {Normal} 1-0

[Event "Rated Blitz tournament G0R3cWhN"]
[Site "?"]
[Date "2021.05.10"]
[Round "?"]
[White "RXMEN"]
[Black "CristianS27"]
[Result "1-0"]
[WhiteElo "2341"]
[BlackElo "2439"]
[PlyCount "45"]
[EventDate "2021.??.??"]
[EventType "blitz"]

1. e4 e5 2. Nf3 d5 3. Nc3 Nf6 4. Nxe5 Nxe4 5. d4 Bd6 6. Bd3 Nxc3 7. bxc3 O-O 8.
O-O Qh4 9. g3 Qh3 10. Re1 Nc6 11. f4 Bf5 12. Qf3 Bxd3 13. cxd3 Rad8 14. Bd2 Ne7
15. Re2 f6 16. Ng4 c6 17. Rae1 Ng6 18. Re3 Rd7 19. f5 Ne7 20. Rxe7 Rxe7 21.
Rxe7 Kh8 22. Nf2 Qh5 23. Qxh5 {Normal} 1-0

[Event "Rated Blitz game"]
[Site "?"]
[Date "2021.05.10"]
[Round "?"]
[White "mrios"]
[Black "DonCroccante"]
[Result "1-0"]
[WhiteElo "2474"]
[BlackElo "2412"]
[PlyCount "77"]
[EventDate "2021.??.??"]
[EventType "blitz"]

1. e4 e5 2. Nf3 d5 3. Nxe5 Bd6 4. d4 dxe4 5. Nc4 Be7 6. Nc3 Nf6 7. Bg5 O-O 8.
Qd2 a6 9. O-O-O b5 10. Ne3 b4 11. Na4 Nbd7 12. Bc4 Nb6 13. Bb3 a5 14. Kb1 Bd7
15. Nxb6 cxb6 16. Bxf6 Bxf6 17. Bd5 Rc8 18. Bxe4 b5 19. h3 Re8 20. f3 Bg5 21.
Qd3 Bxe3 22. Qxe3 f5 23. Bd5+ Kh8 24. Qd2 a4 25. Qxb4 f4 26. Be4 Qc7 27. Rd2
Qb6 28. b3 Rc7 29. d5 axb3 30. cxb3 Qe3 31. Qd4 Rc3 32. Qxe3 fxe3 33. Re2 Rec8
34. Rhe1 b4 35. Rxe3 R3c5 36. Kb2 Bb5 37. Rd1 g6 38. Ree1 Kg7 39. Rd4 {Normal}
1-0

[Event "Rated Blitz game"]
[Site "?"]
[Date "2021.05.10"]
[Round "?"]
[White "liaqat321"]
[Black "GrandeGila"]
[Result "0-1"]
[WhiteElo "2381"]
[BlackElo "2454"]
[PlyCount "42"]
[EventDate "2021.??.??"]
[EventType "blitz"]

1. e4 e5 2. Nf3 d5 3. Nxe5 Bd6 4. d4 dxe4 5. Nc4 Nc6 6. Nxd6+ Qxd6 7. Be2 Qxd4
8. O-O Bf5 9. Be3 Qxb2 10. Nd2 Nge7 11. Rb1 Qxa2 12. Rxb7 O-O 13. Rxc7 Rfd8 14.
Qc1 Qe6 15. Nb3 Qg6 16. Kh1 a5 17. Qa3 a4 18. Nd2 Nd5 19. Rb7 Nxe3 20. fxe3
Rxd2 21. Bb5 Qxg2# {Normal} 0-1

[Event "EE May Blitz Open 2021"]
[Site "Europe-Echecs INT"]
[Date "2021.05.09"]
[Round "11"]
[White "Cheminade, Paulin"]
[Black "Dubois, Mart"]
[Result "1-0"]
[WhiteElo "1306"]
[BlackElo "1780"]
[PlyCount "95"]
[EventDate "2021.05.09"]
[EventType "blitz"]
[SourceTitle "The Week in Chess 1384"]
[Source "Mark Crowther"]
[SourceDate "2021.05.17"]
[SourceVersion "1"]
[SourceVersionDate "2021.05.17"]
[SourceQuality "2"]

1. e4 e5 2. Nf3 d5 3. Nc3 dxe4 4. Nxe4 f5 5. Nxe5 fxe4 6. Qh5+ g6 7. Nxg6 Nf6
8. Qe5+ Kf7 9. Nxh8+ Kg7 10. Nf7 Kxf7 11. Bc4+ Kg7 12. Qg5+ Kh8 13. O-O Bd6 14.
d3 Nc6 15. b3 Be5 16. Rb1 Bxh2+ 17. Kxh2 Ng4+ 18. Kg1 Qxg5 19. Bxg5 exd3 20. f3
h6 21. Bxd3 hxg5 22. fxg4 Be6 23. Rbe1 Bxg4 24. Rf7 Kg8 25. Rxc7 Rb8 26. Kh2
Bh5 27. Bc4+ Kh8 28. Bd3 Bg4 29. Rh7+ Kg8 30. Rc7 a6 31. a3 Bh5 32. b4 Bf7 33.
a4 Nxb4 34. Ree7 Rf8 35. Rxb7 Nxd3 36. cxd3 Kg7 37. Rxf7+ Kg6 38. Rxf8 Kh5 39.
d4 Kg4 40. d5 a5 41. d6 Kh5 42. d7 Kg6 43. d8=Q Kh5 44. Rh8+ Kg4 45. Qd7+ Kf4
46. Qf7+ Ke3 47. Qe6+ Kf4 48. Rf8# 1-0

[Event "EE May Blitz Open 2021"]
[Site "Europe-Echecs INT"]
[Date "2021.05.09"]
[Round "9"]
[White "Fondrat, Johan"]
[Black "Dubois, Mart"]
[Result "1-0"]
[WhiteElo "1509"]
[BlackElo "1780"]
[PlyCount "153"]
[EventDate "2021.05.09"]
[EventType "blitz"]
[SourceTitle "The Week in Chess 1384"]
[Source "Mark Crowther"]
[SourceDate "2021.05.17"]
[SourceVersion "1"]
[SourceVersionDate "2021.05.17"]
[SourceQuality "2"]

1. e4 e5 2. Nf3 d5 3. exd5 e4 4. Nd4 Qxd5 5. Nb3 Nf6 6. Nc3 Qe5 7. Be2 Bd6 8.
d3 exd3 9. Qxd3 O-O 10. Be3 Bf5 11. Qd2 Nc6 12. f4 Qe7 13. O-O Rfe8 14. Bf2
Rad8 15. Bd3 Bxd3 16. cxd3 Ng4 17. Ne4 Bb4 18. Qc2 Nxf2 19. Rxf2 Qd7 20. Rf3
Nd4 21. Qd1 Nxf3+ 22. Qxf3 Qxd3 23. Qxd3 Rxd3 24. Nf2 Rde3 25. g3 Re2 26. Rb1
f6 27. a3 Bd6 28. Nd4 Rd2 29. Nb3 Rc2 30. Nd4 Rc4 31. Rd1 Bc5 32. Nb3 Bxf2+ 33.
Kxf2 Rc2+ 34. Rd2 Rxd2+ 35. Nxd2 Kf7 36. b4 f5 37. Nf3 Rd8 38. Ke2 h6 39. Ke3
Ke6 40. Nd4+ Kf6 41. Nf3 Re8+ 42. Kd3 b6 43. Ne5 Rd8+ 44. Ke3 g5 45. Nc6 Re8+
46. Kf3 a6 47. Nd4 Re4 48. Ne2 g4+ 49. Kf2 Rc4 50. Ke3 c5 51. Kd3 Re4 52. Nc3
Rd4+ 53. Kc2 Ke6 54. Kb3 Kd6 55. b5 a5 56. Kc2 a4 57. Kc1 Rd3 58. Kc2 Rf3 59.
Nxa4 Rf2+ 60. Kd3 Rf3+ 61. Kc4 Rxa3 62. Nxb6 Ra2 63. Nc8+ Kc7 64. Ne7 Rxh2 65.
Nxf5 Rg2 66. Kxc5 Rc2+ 67. Kd5 Kb6 68. Nxh6 Kxb5 69. Ke5 Rc6 70. Nxg4 Rc8 71.
Nf6 Kc6 72. Ke6 Rh8 73. g4 Kc7 74. g5 Kd8 75. g6 Rh6 76. Kf7 Rh8 77. g7 1-0

[Event "EE May Blitz Open 2021"]
[Site "Europe-Echecs INT"]
[Date "2021.05.09"]
[Round "7"]
[White "Kubicka, Anna"]
[Black "Dubois, Mart"]
[Result "1-0"]
[WhiteElo "2235"]
[BlackElo "1780"]
[PlyCount "83"]
[EventDate "2021.05.09"]
[EventType "blitz"]
[SourceTitle "The Week in Chess 1384"]
[Source "Mark Crowther"]
[SourceDate "2021.05.17"]
[SourceVersion "1"]
[SourceVersionDate "2021.05.17"]
[SourceQuality "2"]

1. e4 e5 2. Nf3 d5 3. Nxe5 Bd6 4. d4 dxe4 5. Nc3 Bxe5 6. dxe5 Qxd1+ 7. Nxd1 Nc6
8. Bf4 Nd4 9. Ne3 Be6 10. O-O-O O-O-O 11. c3 Nf5 12. Rxd8+ Kxd8 13. Nxf5 Bxf5
14. Bc4 f6 15. Rd1+ Ke7 16. exf6+ Nxf6 17. Bxc7 Ne8 18. Bd8+ Kf8 19. Bh4 g6 20.
Rd8 Kg7 21. Bg3 Nf6 22. Rxh8 Kxh8 23. Be5 Kg7 24. h4 h6 25. Bd5 b6 26. Kd2 g5
27. hxg5 hxg5 28. Ke3 Kg6 29. Bxf6 Kxf6 30. Bxe4 Be6 31. b3 a6 32. g3 a5 33. f4
a4 34. bxa4 Bxa2 35. Bc2 gxf4+ 36. gxf4 Bc4 37. Kd4 b5 38. a5 Bf1 39. a6 b4 40.
a7 Bg2 41. cxb4 Ba8 42. Be4 1-0

[Event "EE May Blitz Open 2021"]
[Site "Europe-Echecs INT"]
[Date "2021.05.09"]
[Round "5"]
[White "Firouzja, Mohammadreza"]
[Black "Dubois, Mart"]
[Result "1-0"]
[WhiteElo "2141"]
[BlackElo "1780"]
[PlyCount "67"]
[EventDate "2021.05.09"]
[EventType "blitz"]
[SourceTitle "The Week in Chess 1384"]
[Source "Mark Crowther"]
[SourceDate "2021.05.17"]
[SourceVersion "1"]
[SourceVersionDate "2021.05.17"]
[SourceQuality "2"]

1. e4 e5 2. Nf3 d5 3. exd5 e4 4. Qe2 Nf6 5. d3 Qxd5 6. Nc3 Bb4 7. Nd2 Bxc3 8.
bxc3 O-O 9. Nxe4 Qc6 10. Nxf6+ Qxf6 11. d4 c5 12. Be3 Nc6 13. Qd2 Re8 14. Be2
Bf5 15. O-O Rad8 16. Rfd1 Qg6 17. Bd3 cxd4 18. cxd4 Nxd4 19. Bxf5 Nf3+ 20. Kh1
Rxd2 21. Bxg6 Rxd1+ 22. Rxd1 hxg6 23. gxf3 Kh7 24. Rd7 Rc8 25. Rxb7 Rxc2 26.
Rxa7 Rb2 27. a4 Rb1+ 28. Kg2 Ra1 29. a5 f5 30. f4 Kh6 31. a6 Kh5 32. Ra8 Kg4
33. f3+ Kh4 34. Rh8# 1-0

[Event "Rated Blitz game"]
[Site "?"]
[Date "2021.05.09"]
[Round "?"]
[White "enchantress13"]
[Black "KamranShirazi"]
[Result "0-1"]
[WhiteElo "2504"]
[BlackElo "2504"]
[PlyCount "116"]
[EventDate "2021.??.??"]
[EventType "blitz"]

1. e4 e5 2. Nf3 d5 3. Nxe5 Bd6 4. d4 dxe4 5. Bf4 Nc6 6. Bb5 Nge7 7. O-O O-O 8.
Nc3 Bf5 9. Nxc6 bxc6 10. Bxd6 cxd6 11. Be2 Rb8 12. b3 Bg6 13. Qd2 f5 14. f4 Kh8
15. Nd1 Qe8 16. Ne3 Bh5 17. c4 Bxe2 18. Qxe2 g5 19. fxg5 Qg6 20. h4 h6 21. Rf4
hxg5 22. hxg5 Qxg5 23. Qf2 Ng6 24. Rxf5 Rxf5 25. Nxf5 Rf8 26. Rf1 e3 27. Qf3
Nh4 28. Qxe3 Rxf5 29. Qe8+ Kg7 30. Qd7+ Kh6 31. Qxd6+ Ng6 32. Qh2+ Kg7 33. Qc7+
Kh6 34. Qh2+ Kg7 35. Qc7+ Kg8 36. Qc8+ Rf8 37. Rxf8+ Nxf8 38. Qxc6 Qe3+ 39. Kh2
Qf4+ 40. Kh1 Qxd4 41. Qb7 Qa1+ 42. Kh2 Qe5+ 43. Kg1 a5 44. Qb6 Ne6 45. Qb7 Nf4
46. Qc8+ Kg7 47. Qd7+ Kf6 48. Qc6+ Kg5 49. Qc8 Qe1+ 50. Kh2 Qh4+ 51. Kg1 Ne2+
52. Kf1 Ng3+ 53. Kg1 Qd4+ 54. Kh2 Nf1+ 55. Kh1 Ng3+ 56. Kh2 Nf5 57. Kh1 Qh4+
58. Kg1 Qe1+ {Time forfeit} 0-1

[Event "Rated Blitz game"]
[Site "?"]
[Date "2021.05.09"]
[Round "?"]
[White "quarkonio"]
[Black "jsequera"]
[Result "0-1"]
[WhiteElo "2485"]
[BlackElo "2453"]
[PlyCount "50"]
[EventDate "2021.??.??"]
[EventType "blitz"]

1. e4 e5 2. Nf3 d5 3. exd5 e4 4. Qe2 f5 5. d3 Nf6 6. Nc3 Bb4 7. Bd2 O-O 8. dxe4
Bxc3 9. Bxc3 fxe4 10. Ne5 Nxd5 11. Qxe4 Bf5 12. Qxd5+ Qxd5 13. Bc4 Qxc4 14.
Nxc4 Bxc2 15. O-O Bd3 16. Ne5 Bxf1 17. Rxf1 Nc6 18. Nxc6 bxc6 19. Bd4 Rfd8 20.
Be3 Rd5 21. Rc1 Rad8 22. g3 Rd1+ 23. Rxd1 Rxd1+ 24. Kg2 a6 25. a3 Kf7 {Normal}
0-1

[Event "Rated Blitz game"]
[Site "?"]
[Date "2021.05.09"]
[Round "?"]
[White "FairlaneSwe"]
[Black "GoughPhar"]
[Result "0-1"]
[WhiteElo "2347"]
[BlackElo "2462"]
[PlyCount "144"]
[EventDate "2021.??.??"]
[EventType "blitz"]

1. e4 e5 2. Nf3 d5 3. Nxe5 Bd6 4. d4 dxe4 5. Nc4 Nf6 6. Nxd6+ Qxd6 7. Be2 Nc6
8. Be3 Bf5 9. c3 O-O-O 10. Qa4 Kb8 11. Nd2 Nd5 12. Nc4 Qg6 13. g3 Bg4 14. Qb3
Bxe2 15. Kxe2 Qg4+ 16. Kd2 Qf3 17. Rhe1 Nxe3 18. fxe3 h5 19. a4 h4 20. g4 Qxg4
21. a5 f5 22. a6 b6 23. Qb5 Rh6 24. Rg1 Qh3 25. Kc2 f4 26. exf4 Qxh2+ 27. Kb3
Qh3 28. Ka2 Qd3 29. Rg5 h3 30. f5 h2 31. Rg6 Rxg6 32. fxg6 Na5 33. Na3 Qxb5 34.
Nxb5 Rh8 35. Rh1 e3 36. b4 Nc4 37. Kb3 e2 38. Kxc4 e1=Q 39. Rxe1 h1=Q 40. Rxh1
Rxh1 41. d5 Rg1 42. d6 cxd6 43. Nxd6 Rxg6 44. Nf5 Rc6+ 45. Kd4 g6 46. Ne7 Rd6+
47. Ke5 Rd3 48. c4 g5 49. Nf5 g4 50. Ke4 Rc3 51. Kd4 Ra3 52. c5 g3 53. Nh4
bxc5+ 54. bxc5 Rxa6 55. Ke4 Ra4+ 56. Kf3 Rxh4 57. Kxg3 Rc4 58. Kf3 Rxc5 59. Ke3
Kc7 60. Kd4 Kd6 61. Ke4 a5 62. Kd3 a4 63. Kd4 a3 64. Kd3 a2 65. Ke4 a1=Q 66.
Kd3 Qd1+ 67. Ke4 Re5+ 68. Kf4 Qf1+ 69. Kg3 Re6 70. Kg4 Rg6+ 71. Kh5 Rg8 72. Kh6
Qh1# {Normal} 0-1

[Event "Rated Rapid game"]
[Site "?"]
[Date "2021.05.09"]
[Round "?"]
[White "invencible99"]
[Black "mario19968"]
[Result "1-0"]
[WhiteElo "2534"]
[BlackElo "2491"]
[PlyCount "59"]
[EventDate "2021.??.??"]
[EventType "rapid"]

1. e4 e5 2. Nf3 d5 3. Nxe5 Nd7 4. Nxd7 Qxd7 5. exd5 Qxd5 6. Nc3 Qa5 7. Bc4 Be6
8. Bxe6 fxe6 9. O-O O-O-O 10. d3 Nf6 11. Qe2 Bd6 12. Bd2 Qb6 13. Qxe6+ Kb8 14.
Qb3 Ng4 15. Qxb6 axb6 16. h3 Ne5 17. Ne4 Bf8 18. Bc3 Ng6 19. Ng5 Rd7 20. Rae1
Be7 21. Ne6 Bf6 22. Bxf6 gxf6 23. Re3 f5 24. Rfe1 h6 25. Rg3 Nh4 26. Nf4 Ka7
27. Re6 b5 28. Rge3 Rg8 29. g3 b4 30. Rxh6 {Normal} 1-0

[Event "Rated Rapid game"]
[Site "?"]
[Date "2021.05.09"]
[Round "?"]
[White "mario19968"]
[Black "Gmelhor"]
[Result "0-1"]
[WhiteElo "2417"]
[BlackElo "2742"]
[PlyCount "24"]
[EventDate "2021.??.??"]
[EventType "rapid"]

1. e4 e5 2. Nf3 d5 3. exd5 e4 4. Qe2 Nf6 5. d3 Bb4+ 6. c3 O-O 7. cxb4 exf3 8.
Qxf3 Re8+ 9. Be2 Bg4 10. Qg3 Rxe2+ 11. Kf1 Qe7 12. Bd2 Re1+ {Normal} 0-1

[Event "Rated Rapid game"]
[Site "?"]
[Date "2021.05.09"]
[Round "?"]
[White "Gmelhor"]
[Black "mario19968"]
[Result "1-0"]
[WhiteElo "2758"]
[BlackElo "2410"]
[PlyCount "47"]
[EventDate "2021.??.??"]
[EventType "rapid"]

1. e4 e5 2. Nf3 d5 3. Nxe5 dxe4 4. Nc3 Nd7 5. Ng4 Ngf6 6. h3 Bb4 7. d3 exd3 8.
Bxd3 O-O 9. Be3 Nxg4 10. hxg4 Bxc3+ 11. bxc3 Nc5 12. Bxh7+ Kh8 13. Bd3+ Kg8 14.
Bh7+ Kh8 15. Bd3+ Kg8 16. Bxc5 Re8+ 17. Be3 Bd7 18. Bh7+ Kh8 19. g5 Rxe3+ 20.
fxe3 Qxg5 21. Qf3 Bg4 22. Bf5+ Kg8 23. Bxg4 Re8 24. e4 {Normal} 1-0

[Event "Rated Blitz game"]
[Site "?"]
[Date "2021.05.09"]
[Round "?"]
[White "Mchamsarchamani"]
[Black "Vyka"]
[Result "0-1"]
[WhiteElo "2299"]
[BlackElo "2442"]
[PlyCount "56"]
[EventDate "2021.??.??"]
[EventType "blitz"]

1. e4 e5 2. Nf3 d5 3. Nxe5 Bd6 4. d4 dxe4 5. Nc4 Be7 6. Nc3 Nf6 7. Bg5 Bf5 8.
f3 Nbd7 9. Qe2 exf3 10. Qxf3 Bg6 11. Qxb7 O-O 12. O-O-O Rb8 13. Qc6 Nb6 14. Ne5
Bf5 15. Bd3 Be6 16. Qf3 Nbd5 17. Nc6 Qd6 18. Nxb8 Nxc3 19. bxc3 Rxb8 20. Rhf1
h6 21. Bxf6 Bxf6 22. Qe4 Bg5+ 23. Rd2 Qa3+ 24. Kd1 Qxc3 25. Rdf2 Rb1+ 26. Ke2
Bg4+ 27. Qxg4 Qd2+ 28. Kf3 Qe3# {Normal} 0-1

[Event "Rated Blitz tournament u91AeTRY"]
[Site "?"]
[Date "2021.05.09"]
[Round "?"]
[White "TKchess1"]
[Black "CarlitosCL"]
[Result "1-0"]
[WhiteElo "2453"]
[BlackElo "2277"]
[PlyCount "123"]
[EventDate "2021.??.??"]
[EventType "blitz"]

1. e4 e5 2. Nf3 d5 3. exd5 Qxd5 4. Nc3 Qe6 5. Bb5+ Bd7 6. Bxd7+ Nxd7 7. O-O
O-O-O 8. Re1 f5 9. d4 e4 10. Ng5 Qg6 11. d5 Nb6 12. Ne6 Re8 13. Bf4 Bd6 14.
Bxd6 cxd6 15. Qd4 Nf6 16. Nb5 Kb8 17. Nxd6 Re7 18. c4 Nc8 19. Nb5 a6 20. Qe5+
Ka8 21. Nec7+ Rxc7 22. Nxc7+ Ka7 23. Ne6 Nd7 24. Qd4+ b6 25. c5 bxc5 26. Nxc5
Nxc5 27. Qxc5+ Qb6 28. Rac1 Qxc5 29. Rxc5 Nb6 30. Rec1 Rd8 31. Rd1 Kb7 32. g3
Rd6 33. b3 Nd7 34. Rc6 Rxc6 35. dxc6+ Kxc6 36. Rd4 Ne5 37. Ra4 Kb5 38. Kg2 Nd3
39. h3 Nc5 40. Rd4 Nd3 41. Rd5+ Kb4 42. Rxf5 Nc1 43. Rf4 Nxa2 44. Rxe4+ Kxb3
45. Re7 a5 46. Rxg7 a4 47. Rxh7 a3 48. Ra7 Nb4 49. Rxa3+ Kxa3 50. Kf3 Kb3 51.
Kf4 Kc4 52. Kf5 Kd5 53. g4 Nc6 54. g5 Ne7+ 55. Kf6 Kd6 56. g6 Kd7 57. Kf7 Kd6
58. g7 Kd7 59. f4 Kd6 60. h4 Kd7 61. h5 Kd6 62. h6 {Normal} 1-0

[Event "Rated Blitz game"]
[Site "?"]
[Date "2021.05.09"]
[Round "?"]
[White "babageldi2277"]
[Black "greenbubbl_e"]
[Result "1-0"]
[WhiteElo "2713"]
[BlackElo "2611"]
[PlyCount "57"]
[EventDate "2021.??.??"]
[EventType "blitz"]

1. e4 e5 2. Nf3 d5 3. exd5 e4 4. Qe2 Be7 5. Qxe4 Nf6 6. Qa4+ c6 7. dxc6 O-O 8.
cxb7 Bxb7 9. Be2 Nc6 10. O-O Rc8 11. c3 Bd6 12. d4 h6 13. Nbd2 Re8 14. Qd1 Bb8
15. Re1 Qd6 16. Nf1 Re7 17. Ng3 Rce8 18. Bd2 Ne4 19. Bb5 a6 20. Bd3 Nxg3 21.
hxg3 Rxe1+ 22. Bxe1 Qf6 23. Bd2 Ne7 24. Qe2 Kf8 25. Re1 Bc6 26. Ne5 Ng6 27.
Nxg6+ fxg6 28. Qf1 Rxe1 29. Qxe1 {Time forfeit} 1-0

[Event "Rated Blitz game"]
[Site "?"]
[Date "2021.05.09"]
[Round "?"]
[White "Mushiron"]
[Black "anjaya01"]
[Result "1-0"]
[WhiteElo "2393"]
[BlackElo "2409"]
[PlyCount "59"]
[EventDate "2021.??.??"]
[EventType "blitz"]

1. e4 e5 2. Nf3 d5 3. exd5 Bd6 4. d4 e4 5. Nfd2 Nf6 6. Be2 O-O 7. O-O Re8 8. c4
Ng4 9. Bxg4 Qh4 10. h3 f5 11. Be2 f4 12. Bg4 f3 13. Bxc8 fxg2 14. Kxg2 Qf4 15.
Rh1 Rxc8 16. Qg4 Qf8 17. Nxe4 Re8 18. Nbc3 Re7 19. c5 Rf7 20. cxd6 cxd6 21. Be3
Nd7 22. Qe6 Re8 23. Qxd6 Rfe7 24. Ng3 Nf6 25. Nf5 Nh5 26. Nxe7+ Rxe7 27. Bg5
Nf6 28. Bxf6 gxf6 29. Qf4 Rg7+ 30. Kh2 {Normal} 1-0

[Event "Rated Blitz tournament fOtZu2b9"]
[Site "?"]
[Date "2021.05.09"]
[Round "?"]
[White "jpr87"]
[Black "DarthZannah"]
[Result "0-1"]
[WhiteElo "2287"]
[BlackElo "2520"]
[PlyCount "90"]
[EventDate "2021.??.??"]
[EventType "blitz"]

1. e4 e5 2. Nf3 d5 3. exd5 e4 4. Nd4 Qxd5 5. Ne2 Nf6 6. Nbc3 Qe5 7. d4 exd3 8.
Qxd3 Bc5 9. Bf4 Qe7 10. O-O-O O-O 11. f3 Nc6 12. Bg5 Nb4 13. Qc4 Be6 14. Bxf6
Bxc4 15. Bxe7 Bxe7 16. a3 Nc6 17. Ng3 Be6 18. Nge4 Rad8 19. Bb5 Nd4 20. h4 a6
21. Bd3 c5 22. Ng5 h6 23. Nxe6 Nxe6 24. Be4 b5 25. Nd5 Bd6 26. Ne3 Bf4 27. Rde1
Nd4 28. Kb1 f5 29. Bb7 Rfe8 30. Nd5 Bg3 31. Rxe8+ Rxe8 32. Bxa6 Rb8 33. Nc3 Kf7
34. a4 b4 35. Bc4+ Kf6 36. b3 bxc3 37. a5 Nc6 38. a6 Nb4 39. Rd1 Ra8 40. Rd7
Nxa6 41. Rf7+ Ke5 42. Rxg7 Kf4 43. Rg6 Nb4 44. Rxh6 Rd8 45. Bd3 Re8 {Normal}
0-1

[Event "Rated Blitz game"]
[Site "?"]
[Date "2021.05.09"]
[Round "?"]
[White "Andep123"]
[Black "artsportscience"]
[Result "0-1"]
[WhiteElo "2388"]
[BlackElo "2403"]
[PlyCount "80"]
[EventDate "2021.??.??"]
[EventType "blitz"]

1. e4 e5 2. Nf3 d5 3. Nxe5 Bd6 4. d4 dxe4 5. Be2 Bxe5 6. dxe5 Qxd1+ 7. Bxd1 Nc6
8. Nc3 Bf5 9. f4 exf3 10. Bxf3 Nxe5 11. Bxb7 Rb8 12. Bd5 Nf6 13. Bf4 O-O 14.
Bxe5 Rfe8 15. O-O-O Rxe5 16. Rhe1 Rxe1 17. Rxe1 Re8 18. Rxe8+ Nxe8 19. Be4 Bxe4
20. Nxe4 f5 21. Nc5 Kf7 22. Kd2 g5 23. Kd3 Kf6 24. c4 h5 25. Kd4 Nd6 26. Na6
Ne8 27. Kd5 f4 28. Nc5 Kf5 29. Nd3 g4 30. Ne1 Nf6+ 31. Kc6 Ke4 32. Kxc7 Ke3 33.
Kb7 Ke2 34. Nc2 Kd3 35. Ne1+ Ke2 36. Nc2 Kd3 37. Ne1+ Kd2 38. c5 Kxe1 39. c6
Nd5 40. c7 Nxc7 {Normal} 0-1

[Event "Rated Blitz game"]
[Site "?"]
[Date "2021.05.09"]
[Round "?"]
[White "www68"]
[Black "GoughPhar"]
[Result "1-0"]
[WhiteElo "2493"]
[BlackElo "2454"]
[PlyCount "77"]
[EventDate "2021.??.??"]
[EventType "blitz"]

1. e4 e5 2. Nf3 d5 3. Nxe5 Bd6 4. d4 dxe4 5. Nc4 Nf6 6. Nc3 Nc6 7. Bg5 O-O 8.
Be2 Bf5 9. g4 Bg6 10. h4 h6 11. Bxf6 Qxf6 12. d5 Ne5 13. Ne3 Rfe8 14. Qd2 Nf3+
15. Bxf3 exf3 16. O-O-O Rad8 17. g5 Qe5 18. gxh6 gxh6 19. h5 Bh7 20. Rdg1+ Kh8
21. Rg4 Bb4 22. Rxb4 c6 23. Qd4 cxd5 24. Qxe5+ Rxe5 25. Rd4 f5 26. Rxd5 Rdxd5
27. Ncxd5 b5 28. Rg1 a5 29. Rg3 f4 30. Nxf4 Be4 31. Ng6+ Bxg6 32. Rxg6 Kh7 33.
Rxh6+ Kg7 34. Ng4 Re1+ 35. Kd2 Re2+ 36. Kd3 b4 37. Rg6+ Kh7 38. Nf6+ Kh8 39.
Rg8# {Normal} 1-0